00959nam a22002177a 4500999001700000003000900017008004100026040007100067082002300138100002000161245007900181260005500260300002600315505018200341650002300523650002400546650003000570942001600600945002100616952010400637 c12194d12194AR-CdUCM190408b ||||| |||| 00| 0 spa d aMUNICIPALIDAD PROVINCIAL DEL CUSCOcBIBLIOTECA MUNICIPAL DEL CUSCO a465 / bB45 / 1847 aBello, Andrés aGramática de la lengua castellana : destinada al uso de los americanos / aSantiago de Chile :bImprenta del progreso,c1847. a336 paginas ;c15 cm. aContenido : Estructural material de las palabras -- División de las palabras primitivas y derivadas simples y compuestas -- De los pronombres -- De los sustantivos neutros ... aGramática 99175 aPrononombres929921 aVerbos irregulares929922 2ddccLIBROS awntsd2019-04-08 002ddc4070aSCAbSCAcCARTd2019-04-08g120.00o465 / B45 / 1847pSCA0002042r2019-04-08yLIBROS